Connais-tu vraiment le PSG? - Statistiques

Statistiques générales
  • Ce quiz a été pris 125 fois
  • Le résultat moyen est 9 sur 12
Statistiques - réponses
Question Réponse % Correct
Que signifient les initiales PSG ? Paris Saint Germain
100%
Quel club le PSG a-t-il battu en finale de la UEFA Champions League Final 2026 ? Arsenal
94%
Quel joueur brésilien a été transféré au PSG depuis le FC Barcelona pour un montant record en 2017 ? Neymar
94%
Quel est le stade où le PSG joue ses matchs à domicile ? Parc des Princes
94%
Quel club le PSG a-t-il battu en finale de la UEFA Champions League Final 2025 ? Inter Milan
92%
Quel joueur est le meilleur buteur de l'histoire du PSG ? Kylian Mbappé
92%
En quelle année le club a-t-il été fondé ? 1970
91%
Combien de titres de champion de France le PSG a-t-il remportés à ce jour ? 13
90%
Quel numéro portait généralement Raí au PSG ? 10
85%
Quel défenseur brésilien a porté le brassard de capitaine du PSG pendant plusieurs saisons dans les années 2010 ? Thiago Silva
76%
Contre quel club le PSG a-t-il remporté sa première Coupe de France 1982 ? ASSE
23%
Quel entraîneur a mené le PSG à son premier titre en Ligue 1 en 1986 ? Gérard Houllier
8%
Aucun quiz correspondant
Distribution des résultats
% des personnes avec chaque résultat
Percentile par nombre de réponses
Votre historique - résultats
Vous n’avez pas pris ce quiz